LEADER 01823nam a2200301 i 4500 001 000000344679 003 CaOOAMICUS 005 20250115105645.0 008 210305s2020 it a u100 u ita u 020 $a978-88-98104-17-8 040 $aSeMil$bita 245 00$aBernardo Tolomei e le origini di Monte Oliveto :$batti del Convegno di studi per il 7. centenario di fondazione dell'abbazia (Monte Oliveto Maggiore, 9-10 maggio 2019) /$ca cura di Giancarlo Andenna, Mauro Tagliabue. 264 1$aCesena :$bBadia di Santa Maria del Monte,$c2020. 300 $aXVI, 445 p., [23] carte di tav. :$bill. ;$c25 cm 490 1 $aItalia benedettina : studi e documenti di storia monastica ;$v45 600 14$aTolomei, Bernardo .$0(OLS)http://semarc/subject/16533 650 4$aBenedettini - Congregazione olivetana.$0(OLS)http://semarc/subject/31946 650 4$aAsciano - Chiusure - Abbazia di Monte Oliveto Maggiore.$0(OLS)http://semarc/subject/23577 700 1 $aTagliabue, Mauro.$0(OLS)http://semarc/name/30623 700 1 $aAndenna, Giancarlo,$d<1942- >.$0(OLS)http://semarc/name/17473 710 0 $aCentro storico benedettino italiano.$0(OLS)http://semarc/name/71 830 0$aItalia benedettina :$bstudi e documenti di storia monastica ;$v45.$0(OLS)http://semarc/title/104 850 $aSeMil 852 $aSeMil$W1$xVenegono$y1$m3TA F 45$j253847$B235732$CSeMilBibl$Z2$F235732 $81 996 $6020$a978-88-98104-17-8$9(OLS)http://semarc/number/292535 996 $6245$aBernardo Tolomei e le origini di Monte Oliveto :$batti del Convegno di studi per il 7. centenario di fondazione dell'abbazia (Monte Oliveto Maggiore, 9-10 maggio 2019)$9(OLS)http://semarc/title/433750 996 $6264$aCesena :$bBadia di Santa Maria del Monte$9(OLS)http://semarc/publisher/29702 LEADER 01752nam a2200265 i 4500 001 000000236093 003 CaOOAMICUS 005 20260327085804.0 008 141203s1965 it u000 u ita u 013 $a214997 040 $aSeMil$bita 245 10$aSecondo centenario della pubblicazione dell'opera "Dei delitti e delle pene" di Cesare Beccaria :$batti delle Celebrazioni indette, sotto l'alto patronato del Presidente della Repubblica, dall'Accademia Nazionale dei Lincei e dalla Commissione Nazionale Italiana dell'UNESCO. Roma, Villa della Farnesina, 15-16 giugno 1964 - Milano, 18 giugno 1964. 260 $aRoma :$bAccademia Nazionale dei Lincei,$c1965. 300 $a134 p. ;$c27 cm. 490 0 $aProblemi attuali di scienza e di cultura ;$vQuaderno N.71 490 0 $aAtti della Accademia Nazionale dei Lincei 500 $aIn testa al front.: Accademia nazionale dei Lincei, anno 362. (1965) 600 14$aBeccaria, Cesare <1738-1794>.$0(OLS)http://semarc/subject/7424 830 0$aProblemi attuali di scienza e di cultura ;$v71.$0(OLS)http://semarc/title/10612 850 $aSeMil 852 $aSeMil$W1$xVenegono$y1$m1O IV 172$j186439$B186439$CSeMilBibl$Z2$F197548 $81 961 $aRecupero: Altro 996 $6245$aSecondo centenario della pubblicazione dell'opera "Dei delitti e delle pene" di Cesare Beccaria :$batti delle Celebrazioni indette, sotto l'alto patronato del Presidente della Repubblica, dall'Accademia Nazionale dei Lincei e dalla Commissione Nazionale Italiana dell'UNESCO. Roma, Villa della Farnesina, 15-16 giugno 1964 - Milano, 18 giugno 1964$9(OLS)http://semarc/title/336481 996 $6260$aRoma :$bAccademia Nazionale dei Lincei$9(OLS)http://semarc/publisher/32170